Anuari de premis i beques /
Descripción Física:
2 vols. ; periodicitat: anual ; 21 cm.
MARC
| LEADER | 00000nas a2200000 a 4500 | ||
|---|---|---|---|
| 001 | 13313, 13314 | ||
| 003 | Arxiu | ||
| 005 | 20260324181035.0 | ||
| 008 | 160829s1932 - [193 - ?] xx 000 0 cat d | ||
| 245 | |a Anuari de premis i beques / |c Generalitat de Catalunya, Departament de Cultura | ||
| 260 | |a Barcelona : |b Generalitat de Catalunya, Departament de Cultura ; |c 1932 - [193 - ?] | ||
| 300 | |a 2 vols. ; |b periodicitat: anual ; |c 21 cm. | ||
| 310 | |a Anual | ||
| 590 | |a Duplicat de l'any 1932 a: DUP-21-73. | ||
| 590 | |a Duplicat de l'any 1933 amb R.13967 a DUP-43 | ||
| 650 | |a Premis |x Catalunya |x Revistes |9 29908 | ||
| 650 | |a Beques |x Catalunya |x Revistes |9 29909 | ||
| 710 | 2 | |a Catalunya. |b Departament de Cultura |9 52819 | |
| 866 | |a Any 1 (1932) ; any 2 (1933) | ||
| 901 | |a Arxiu | ||
| 942 | |n 1 |2 udc |c REV | ||
| 952 | |0 0 |1 0 |2 udc |4 0 |6 REV83 |7 1 |9 45161 |a Arxiu |b Arxiu |d 2016-12-01 |h Any 1 (1932) |o Rev-83 |p 13313 |r 2016-12-01 00:00:00 |w 2016-12-01 |y ARXIU | ||
| 952 | |0 0 |1 0 |2 udc |4 0 |6 REV84 |7 1 |9 61746 |a Arxiu |b Arxiu |d 2022-05-17 |h Any 2 (1933) |l 0 |o Rev-84 |p 13314 |r 2022-05-17 00:00:00 |w 2022-05-17 |y ARXIU | ||
| 999 | |c 48232 |d 48232 | ||
| 655 | |a Revistes |9 55823 | ||